000 01204cam a2200217 4500
001 WB4020-18
008 040525n2004 000 0 eng u
035 _a(Sirsi) u126287
245 _aFlexible approach to CAP payments announced
260 _c2004
490 _aDEFRA News Release
_v(192/04) 20 May 2004 (2)
520 _aFarming ministers across the UK have agreed on a flexible approach to the 'ten month rule' on new CAP payments. From 2005 a new flat-rate Single Farm Payment for English farmers will be phased in over eight years. Farmers can set their own start date, which can fall between 1 October 2004 and 30 April 2005 or the default date of 1 February 2005 will be the start date for those not selecting an alternative. Further information on CAP reform and the Single Farm payment is available at http://www.defra.gov.uk/farm/capreform/index.htm and http://www.defra.gov.uk/farm/capreform/implementat ion/impl02.htm. http://www.defra.gov.uk/news/2004/040520b.htm
590 _aWB
590 _aWB
650 _aTEN MONTH RULE
650 _aSINGLE FARM PAYMENT
650 _aEUROPEAN UNION
650 _aCAP REFORM
690 _aRURAL-AGRICULTURE AND FORESTRY
942 _n0
999 _c117397
_d117397